000 00636nam a2200229 a 4500
005 20140310183357.0
008 120927s19uu xx 00 eng d
020 _a9789381460245
050 _a TX 911.3.M3
_b.V59 2012
100 _aVerma, Ravindra
245 _aHospitality e-marketing /
_cRavindra Verma.
250 _a1st ed.
260 _aNew Delhi, India :
_bCentrum Press,
_c2012.
300 _aviii, 248 p. :
_c23 cm.
500 _aIncludes index
521 _aTOU
650 _aHospitality industry--Marketing
650 _aTelemarketing
650 _aInternet marketing
942 _cBK
_2lcc
_kFOR
999 _c22262
_d22262